000 00191 a2200097 4500
001 8388
090 _c6758
_d6758
100 _aTreeble, H A
245 _aNareative essay & sketches
260 _bFliveap
942 _aNUST-CAE
999 _c243461
_d243461